Animals You Find In The Arctic - Statistics

General Stats
  • This quiz has been taken 62 times
    60 since last reset
  • The average score is 7 of 12
Answer Stats
Picture Answer % Correct
Orca
94%
Polar Bear
92%
Walrus
83%
Puffin
77%
Arctic Fox
69%
Whale
65%
Svalbard Reindeer
58%
Arctic Hare
50%
Musk Ox
48%
Snowy Owl
48%
Arctic Wolf
44%
Ribbon Seal
15%
No matching quizzes found
Score Distribution
Percent of People with Each Score
Percentile by Number Answered
Your Score History
You have not taken this quiz since the last reset